[Event "Petrov for all"]
[Site "SchemingMind.com"]
[Date "2007.12.11"]
[Round "-"]
[White "mikhailtal"]
[Black "badbishop"]
[Result "0-1"]
[WhiteCountry "ENG"]
[BlackCountry "POL"]
[WhiteElo "1869"]
[WhiteRD "77"]
[BlackElo "2246"]
[BlackRD "70"]
[GameID "132763"]

1. e4 e5 2. Nf3 Nf6 3. d4 Nxe4 4. Bd3 d5 5. Nxe5 Nd7 6. Nxd7 Bxd7 7. O-O Bd6 8. c4 c6 9. cxd5 cxd5 10. Nc3 O-O
11. Qh5 Bc6 12. Re1 f5 13. f3 Nxc3 14. bxc3 Qd7 15. c4 Bb4 16. Re2 Bc3 17. Bb2 Bxb2 18. Rxb2 dxc4 19. Bxc4+ Bd5 20. Bb5 Qe7
21. Re2 Qb4 22. Bd7 Qxd4+
0-1

[Event "Petrov for all"]
[Site "SchemingMind.com"]
[Date "2007.12.11"]
[Round "-"]
[White "badbishop"]
[Black "mikhailtal"]
[Result "1-0"]
[WhiteCountry "POL"]
[BlackCountry "ENG"]
[WhiteElo "2236"]
[WhiteRD "69"]
[BlackElo "1843"]
[BlackRD "75"]
[GameID "132764"]

1. e4 e5 2. Nf3 Nf6 3. Nxe5 d6 4. Nf3 Nxe4 5. d4 d5 6. Bd3 Nc6 7. O-O Be7 8. Re1 f5 9. c4 O-O 10. Nc3 Nxc3
11. bxc3 Na5 12. cxd5 Bf6 13. Qa4 b6 14. Ba3 Rf7 15. Re8+
1-0

[Event "Petrov for all"]
[Site "SchemingMind.com"]
[Date "2007.12.11"]
[Round "-"]
[White "mrique"]
[Black "mikhailtal"]
[Result "0-1"]
[WhiteCountry "USA"]
[BlackCountry "ENG"]
[WhiteElo "1460"]
[WhiteRD "69"]
[BlackElo "1881"]
[BlackRD "81"]
[GameID "132863"]

1. e4 e5 2. Nf3 Nf6 3. d4 Nxe4 4. Bd3 d5 5. Nxe5 Nd7 6. Ng4 Be7 7. O-O O-O 8. c4 c6 9. f3 Ndf6 10. Ne5 Nd6
11. b3 Bf5 12. Nc3 dxc4 13. bxc4 Bg6 14. Nxg6 hxg6 15. Ne4 Nf5 16. Nxf6+ Bxf6 17. Bxf5 Qxd4+ 18. Qxd4 Bxd4+ 19. Kh1 Bxa1 20. Ba3 Rfd8
21. Be4 Bc3 22. Be7 Rd7 23. Ba3 Rd2 24. Be7 Re8 25. Bg5 Rxa2 26. Bf4 Ra1 27. Rxa1 Bxa1 28. h3 f5
0-1

[Event "Petrov for all"]
[Site "SchemingMind.com"]
[Date "2007.12.11"]
[Round "-"]
[White "mrique"]
[Black "badbishop"]
[Result "0-1"]
[WhiteCountry "USA"]
[BlackCountry "POL"]
[WhiteElo "1460"]
[WhiteRD "69"]
[BlackElo "2264"]
[BlackRD "71"]
[GameID "132864"]

1. e4 e5 2. Nf3 Nf6 3. d4 Nxe4 4. Bd3 d5 5. Nxe5 Nd7 6. Ng4 Bd6 7. O-O O-O 8. Be3 Ndf6 9. Ne5 Re8 10. f4 c5
11. c4 Qb6 12. Bxe4 dxe4 13. b3 cxd4 14. Bxd4 Bc5 15. Bxc5 Qxc5+ 16. Kh1 Bf5 17. Nc3 Rad8 18. Qe1 h5 19. Qh4 Qe3 20. Nd5 Nxd5
21. cxd5 Rxd5
0-1

[Event "Petrov for all"]
[Site "SchemingMind.com"]
[Date "2007.12.12"]
[Round "-"]
[White "mikhailtal"]
[Black "mrique"]
[Result "1-0"]
[WhiteCountry "ENG"]
[BlackCountry "USA"]
[WhiteElo "1881"]
[WhiteRD "81"]
[BlackElo "1460"]
[BlackRD "69"]
[GameID "132865"]

1. e4 e5 2. Nf3 Nf6 3. d4 Nxe4 4. Bd3 d5 5. Nxe5 Bd6 6. O-O O-O 7. c4 c6 8. Nc3 Be6 9. c5 Bc7 10. Nxe4 dxe4
11. Bxe4 Qf6 12. f4 Bd5 13. Qf3 Rd8 14. Be3 Nd7 15. Bxd5 cxd5 16. b4 Qf5 17. g4 Qc2 18. a4 Nf6 19. g5 Ne4 20. Ng4 Qc4
21. b5 Nc3 22. Rf2 Re8 23. Ne5 Qb3 24. Qh5 Bxe5 25. fxe5 Rf8 26. Raf1 g6 27. Qf3 Ne4 28. Rg2
1-0

[Event "Petrov for all"]
[Site "SchemingMind.com"]
[Date "2007.12.12"]
[Round "-"]
[White "badbishop"]
[Black "mrique"]
[Result "1-0"]
[WhiteCountry "POL"]
[BlackCountry "USA"]
[WhiteElo "2264"]
[WhiteRD "71"]
[BlackElo "1460"]
[BlackRD "69"]
[GameID "132866"]

1. e4 e5 2. Nf3 Nf6 3. Nxe5 d6 4. Nf3 Be7 5. Nc3 O-O 6. Bc4 Nc6 7. h3 Ne5 8. Nxe5 dxe5 9. d3 Bc5 10. O-O c6
11. Kh1 h6 12. f4 exf4 13. Bxf4 Bd4 14. Qf3 Re8 15. Rae1 b5 16. Bb3 Be5 17. Bxe5 Rxe5 18. Ne2 Re8 19. Ng3 Rf8 20. Nh5 Nxh5
21. Qxh5 Be6 22. Bxe6
1-0

[Event "Petrov for all"]
[Site "SchemingMind.com"]
[Date "2007.12.11"]
[Round "-"]
[White "dcon"]
[Black "mikhailtal"]
[Result "1-0"]
[WhiteCountry "RSA"]
[BlackCountry "ENG"]
[WhiteElo "2097"]
[WhiteRD "85"]
[BlackElo "1843"]
[BlackRD "75"]
[GameID "132884"]

1. e4 e5 2. Nf3 Nf6 3. d4 Nxe4 4. Bd3 d5 5. Nxe5 Nd7 6. Bf4 Nxe5 7. Bxe5 Bd6 8. O-O Bxe5 9. dxe5 O-O 10. Nd2 Nc5
11. Nb3 Qe7 12. c4 Nxd3 13. Qxd3 dxc4 14. Qxc4 Qxe5 15. Rfe1 Be6 16. Rxe5 Bxc4 17. Na5 Ba6 18. Re7 Rac8 19. Rc1 Rfe8 20. Rcxc7 Kf8
21. Rxf7+ Kg8 22. Rxg7+ Kh8 23. Rxh7+ Kg8= 24. Rcg7+ Kf8 25. h3 Bd3 26. Rf7+ Kg8 27. Rhg7+ Kh8 28. Rxb7 Re1+ 29. Kh2 Re2 30. Rgf7 a6
31. a4 Rg8 32. g4 Rge8 33. b4 Ra2 34. Rbd7 Bf1 35. Nb7 Rxa4 36. Nd6 Rb8 37. Rh7+ Kg8 38. Rdg7+ Kf8 39. Nf5
1-0

[Event "Petrov for all"]
[Site "SchemingMind.com"]
[Date "2007.12.12"]
[Round "-"]
[White "dcon"]
[Black "mrique"]
[Result "1-0"]
[WhiteCountry "RSA"]
[BlackCountry "USA"]
[WhiteElo "2088"]
[WhiteRD "70"]
[BlackElo "1582"]
[BlackRD "73"]
[GameID "132885"]

1. e4 e5 2. Nf3 Nf6 3. c4 Nc6 4. d4 exd4 5. Nxd4 Ne5 6. Nc3 Bb4 7. Bd2 O-O 8. Nf3 d6 9. a3 Ba5 10. b4 Bb6
11. Nxe5 Bd4 12. Nf3 Bxc3 13. Bxc3 Nxe4 14. Bd4 d5 15. cxd5 Qxd5 16. Be2 b6 17. O-O Bb7 18. Rc1 Rac8 19. Qa4 a5 20. Rfd1 axb4
21. Qxb4 Ng5 22. Bxg7 Qf5 23. Bxf8 Rxf8 24. Rxc7 Bxf3 25. Bxf3 Nxf3+ 26. gxf3 Qxf3 27. Qd4 b5 28. Rd3 Qe2 29. Rg3+
1-0

[Event "Petrov for all"]
[Site "SchemingMind.com"]
[Date "2007.12.11"]
[Round "-"]
[White "dcon"]
[Black "badbishop"]
[Result "1/2-1/2"]
[WhiteCountry "RSA"]
[BlackCountry "POL"]
[WhiteElo "2234"]
[WhiteRD "63"]
[BlackElo "2225"]
[BlackRD "64"]
[GameID "132886"]

1. e4 e5 2. Nf3 Nf6 3. d4 Nxe4 4. Bd3 d5 5. Nxe5 Nd7 6. Bf4 Nxe5 7. Bxe5 Bd6 8. O-O O-O 9. c4 Bxe5 10. dxe5 Qe7
11. cxd5 Qxe5 12. Qe2 f5 13. Nc3 Qd6 14. Nxe4 fxe4 15. Bxe4 Bf5 16. f3 Rae8 17. Qc4 Re7 18. Rac1 h6 19. Rfe1 Rfe8 20. b3 Kh8
21. Kh1 a6 22. Re3 Bh7 23. h3 Bg8 24. Rd3 Bh7 25. Rd4 Qf4 26. Rf1 Qe3 27. Rfd1 Qf4 28. Re1 Qg3 29. Re2 Bf5 30. a4 Re5
31. Qc1 Bd7 32. Qe1 Qf4 33. Rc4 Rh5 34. Bd3 Rxe2 35. Qxe2 Qd6 36. Re4 Rf5 37. Re8+ Bxe8 38. Bxf5 Bf7 39. Be6 Bg6 40. Qe3 Kh7
41. f4 Bc2 42. Qc3 Bb1 43. Qb2 Be4 44. Qe5 Bc2 45. Bf5+ Bxf5 46. Qxf5+ Kh8 47. a5 Qc5 48. b4 Qc4 49. Kh2 Kg8 50. Qe6+ Kh7
51. Qe5 Kg8 52. h4 Kh7 53. Qf5+ Kg8 54. h5 Kh8 55. Qf8+ Kh7 56. d6=
1/2-1/2

[Event "Petrov for all"]
[Site "SchemingMind.com"]
[Date "2007.12.11"]
[Round "-"]
[White "mikhailtal"]
[Black "dcon"]
[Result "0-1"]
[WhiteCountry "ENG"]
[BlackCountry "RSA"]
[WhiteElo "1843"]
[WhiteRD "75"]
[BlackElo "2097"]
[BlackRD "85"]
[GameID "132887"]

1. e4 e5 2. Nf3 Nf6 3. d4 Nxe4 4. Bd3 d5 5. Nxe5 Nd7 6. Nxd7 Bxd7 7. O-O Bd6 8. c4 Qh4 9. g3 Qh3 10. cxd5 Nf6
11. Re1+ Kd8 12. Nc3 Ng4 13. Be3 Qxh2+ 14. Kf1 Nxe3+ 15. Rxe3 Qh1+ 16. Ke2 Bg4+ 17. Kd2 Bxd1 18. Rxd1 Qh6 19. Kc2 Re8 20. Rf3 Re7
21. Bf5 g6 22. Bd3 a6 23. Ne4 Bb4 24. g4 f5 25. gxf5 Qh5 26. Rg3 Qxf5 27. f3 Qxd5 28. Kb1 c6 29. Rg5 Qf7 30. d5 Qxf3
31. Bc2 Rxe4 32. dxc6+ Kc7 33. cxb7 Rb8 34. Rc1 Bd2 35. Bxe4+ Bxc1 36. Rc5+ Kb6 37. Rc6+ Ka7 38. Bxf3 Bf4 39. Rf6 g5 40. Rh6 g4
41. Rf6 Be5 42. Rf5 gxf3 43. Rxf3 Rxb7 44. Rh3 Rxb2+ 45. Kc1 Rh2
0-1

[Event "Petrov for all"]
[Site "SchemingMind.com"]
[Date "2007.12.12"]
[Round "-"]
[White "mrique"]
[Black "dcon"]
[Result "0-1"]
[WhiteCountry "USA"]
[BlackCountry "RSA"]
[WhiteElo "1583"]
[WhiteRD "72"]
[BlackElo "2097"]
[BlackRD "85"]
[GameID "132888"]

1. e4 e5 2. Nf3 Nf6 3. d4 Nxe4 4. Bd3 d5 5. Nxe5 Bf5 6. O-O Bd6 7. Bf4 f6 8. Qh5+ g6 9. Nxg6 Bxg6 10. Qxd5 Bxf4
11. Qe6+ Kf8 12. Bxe4 Nc6 13. Bxg6 hxg6 14. g3 Nxd4 15. Qc4 Qd7 16. Qc5+ Kg7 17. h4 Rxh4
0-1

[Event "Petrov for all"]
[Site "SchemingMind.com"]
[Date "2007.12.11"]
[Round "-"]
[White "badbishop"]
[Black "dcon"]
[Result "1/2-1/2"]
[WhiteCountry "POL"]
[BlackCountry "RSA"]
[WhiteElo "2271"]
[WhiteRD "65"]
[BlackElo "2202"]
[BlackRD "62"]
[GameID "132889"]

1. e4 e5 2. Nf3 Nf6 3. Nxe5 Nxe4 4. Qe2 Qe7 5. Qxe4 d6 6. d4 Nc6 7. Bb5 Bd7 8. O-O dxe5 9. dxe5 O-O-O 10. Nc3 a6
11. Bc4 Nxe5 12. Bd5 c6 13. Bb3 Qf6 14. Bf4 Bd6 15. Rad1 Nf3+ 16. Qxf3 Qxf4 17. Qxf4 Bxf4 18. Bxf7 Bf5 19. Bb3 Rhe8 20. Rxd8+ Rxd8
21. Rd1 Rxd1+ 22. Nxd1 Bc1 23. Kf1 b5 24. Ke2 c5 25. c4 Bg6 26. cxb5 axb5 27. Nc3 c4 28. Bd1 b4 29. Nd5 Bh5+= 30. f3 Bf7
31. Nxb4 Bxb2= 32. Bc2 g6 33. Be4 Kc7 34. Bd5 Bxd5 35. Nxd5+ Kd6 36. Nb4 Be5 37. g3 g5 38. Ke3 Bc3 39. Nc2 Kd5 40. f4 gxf4+
41. gxf4 Bf6 42. a3 Bd8 43. Nb4+ Kc5 44. Ke4 Kb5 45. Nd5 Ka4 46. f5 Kxa3 47. Kd4 Kb3= 48. f6 Bxf6+ 49. Nxf6 c3 50. Ne4 c2
51. Nc5+ Kb2 52. Nd3+ Kb1 53. h4 c1=Q 54. Nxc1 Kxc1 55. h5 Kc2 56. h6 Kb3=
1/2-1/2

[Event "Petrov for all"]
[Site "SchemingMind.com"]
[Date "2007.12.12"]
[Round "-"]
[White "Brerrabbit"]
[Black "mikhailtal"]
[Result "0-1"]
[WhiteCountry "SCO"]
[BlackCountry "ENG"]
[WhiteElo "1371"]
[WhiteRD "67"]
[BlackElo "1881"]
[BlackRD "81"]
[GameID "132905"]

1. e4 e5 2. Nf3 Nf6 3. Nxe5 d6 4. Nf3 Nxe4 5. d3 Nf6 6. Nc3 Be7 7. d4 d5 8. Bd3 Bg4 9. Bf4 O-O 10. Qe2 Bb4
11. O-O c6 12. a3 Bd6 13. Rae1 Bxf4 14. h3 Bh5 15. g3 Bd6 16. b4 Nbd7 17. b5 c5 18. g4 Nxg4 19. hxg4 Bxg4 20. Kg2 c4
21. Bxh7+ Kxh7 22. Rh1+ Kg8 23. Nxd5 Nf6 24. Nxf6+ Qxf6 25. Rh4 Bxf3+ 26. Qxf3 Qxh4 27. Rh1 Qg5+ 28. Kf1 Bf4 29. Qh3 Qh6 30. Qf3 Qf6
31. Qh3 Bh6 32. c3 Rfe8 33. Rg1 Qe6 34. d5 Qxh3+
0-1

[Event "Petrov for all"]
[Site "SchemingMind.com"]
[Date "2007.12.12"]
[Round "-"]
[White "Brerrabbit"]
[Black "mrique"]
[Result "1-0"]
[WhiteCountry "SCO"]
[BlackCountry "USA"]
[WhiteElo "1480"]
[WhiteRD "64"]
[BlackElo "1439"]
[BlackRD "73"]
[GameID "132906"]

1. e4 e5 2. Nf3 Nf6 3. Nxe5 d6 4. Nf3 Be7 5. Bc4 Nxe4 6. d3 Nf6 7. Nc3 O-O 8. Bf4 d5 9. Bb3 c6 10. Qd2 Bb4
11. a3 Re8+ 12. Be3 d4 13. O-O dxe3 14. fxe3 Bxc3 15. bxc3 c5 16. e4 Nc6 17. Ng5 Rf8 18. Rae1 h6 19. Nf3 Bg4 20. e5 Nh7
21. e6 Bh5 22. Re4 fxe6 23. Rh4 Bxf3 24. Rh3 Bd5 25. c4
1-0

[Event "Petrov for all"]
[Site "SchemingMind.com"]
[Date "2007.12.11"]
[Round "-"]
[White "Brerrabbit"]
[Black "badbishop"]
[Result "0-1"]
[WhiteCountry "SCO"]
[BlackCountry "POL"]
[WhiteElo "1282"]
[WhiteRD "68"]
[BlackElo "2246"]
[BlackRD "70"]
[GameID "132907"]

1. e4 e5 2. Nf3 Nf6 3. Nxe5 d6 4. Nxf7 Kxf7 5. Bc4+ d5 6. Bd3 dxe4 7. Bc4+ Be6 8. Bxe6+ Kxe6 9. Nc3 Nc6 10. O-O Bc5
11. Qe2 Qd4 12. Nb5 Qe5 13. Qc4+ Ke7 14. d3 Rae8 15. Be3 Bxe3 16. fxe3 exd3 17. cxd3 Qxe3+ 18. Kh1 Kd8 19. Rfe1 Qxe1+
0-1

[Event "Petrov for all"]
[Site "SchemingMind.com"]
[Date "2007.12.11"]
[Round "-"]
[White "Brerrabbit"]
[Black "dcon"]
[Result "0-1"]
[WhiteCountry "SCO"]
[BlackCountry "RSA"]
[WhiteElo "1282"]
[WhiteRD "68"]
[BlackElo "2088"]
[BlackRD "70"]
[GameID "132908"]

1. e4 e5 2. Nf3 Nf6 3. Nxe5 Nxe4 4. Qe2 Qe7 5. Qxe4 d6 6. Be2 dxe5 7. Nc3 Nc6 8. O-O Be6 9. Bb5 Bd7 10. d3 O-O-O
11. Be3 a6 12. Ba4 f5 13. Qc4 Be6 14. Qc5 Qxc5 15. Bxc5 Bxc5 16. Rad1 Ne7 17. Rfe1 Bd4 18. Bb3 Bxb3 19. cxb3 Nd5 20. h3 Rd6
21. g4 fxg4 22. hxg4 Rf8 23. Ne4 Rg6 24. Rc1 Rxg4+ 25. Kh2 Rf5 26. Nd6+ Kd7 27. Nxf5 Bxb2 28. Rc5 Nf4 29. Rg1 Rxg1 30. Kxg1 g6
31. Ne3 Bd4 32. Ra5 Bb6 33. Rxe5 c6 34. a4 Nxd3 35. Ng4 Bxf2+ 36. Nxf2 Nxe5 37. Ne4 Nf3+ 38. Kf2 Nd4 39. Nf6+ Ke6 40. Nxh7 Nxb3
41. Ng5+ Kf5 42. Nf3 a5 43. Ke3 Nc5 44. Nd4+ Ke5 45. Nf3+ Kd5 46. Kf4 Nxa4 47. Ne5 b5 48. Nxg6 b4 49. Ne7+ Kc5 50. Nxc6 Kxc6
51. Ke3 Kc5 52. Kd2 Kc4 53. Kc2 b3+ 54. Kb1 Kc3 55. Ka1 b2+ 56. Kb1 Nb6
0-1

[Event "Petrov for all"]
[Site "SchemingMind.com"]
[Date "2007.12.16"]
[Round "-"]
[White "mikhailtal"]
[Black "Brerrabbit"]
[Result "1-0"]
[WhiteCountry "ENG"]
[BlackCountry "SCO"]
[WhiteElo "1869"]
[WhiteRD "77"]
[BlackElo "1282"]
[BlackRD "68"]
[GameID "132909"]

1. e4 e5 2. Nf3 Nf6 3. d4 exd4 4. e5 Ng8 5. Nxd4 d6 6. Bf4 Ne7 7. exd6 cxd6 8. Nb5 Nf5 9. Bd3 Qa5+ 10. N1c3 Nc6
11. Bxf5 Bxf5 12. Bxd6 O-O-O 13. Qf3 Bxd6 14. Qxf5+ Kb8 15. O-O-O Nb4 16. Nxd6 Qxf5 17. Nxf5 Rhe8 18. Rxd8+ Rxd8 19. a3 Nc6 20. Rd1 Re8
21. Rd7 g6 22. Nd6 Re1+ 23. Kd2 Re6 24. Rxb7+ Ka8 25. Ncb5
1-0

[Event "Petrov for all"]
[Site "SchemingMind.com"]
[Date "2007.12.16"]
[Round "-"]
[White "mrique"]
[Black "Brerrabbit"]
[Result "0-1"]
[WhiteCountry "USA"]
[BlackCountry "SCO"]
[WhiteElo "1439"]
[WhiteRD "73"]
[BlackElo "1480"]
[BlackRD "64"]
[GameID "132910"]

1. e4 e5 2. Nf3 Nf6 3. d4 exd4 4. e5 Ng8 5. Nxd4 Be7 6. Bc4 d6 7. exd6 Bxd6 8. O-O Nf6 9. Re1+ Be7 10. Nc3 O-O
11. Nce2 Nc6 12. c3 Ne4 13. Qc2 Nxf2 14. Kxf2 Bh4+ 15. g3 Qf6+ 16. Kg2 Qg6 17. Bd3 f5 18. Nf4 Qg4 19. Nde6 Re8 20. Bxf5 Bxe6
21. Bxg4 Bxg4 22. Rxe8+ Rxe8 23. gxh4 Nd4
0-1

[Event "Petrov for all"]
[Site "SchemingMind.com"]
[Date "2007.12.11"]
[Round "-"]
[White "badbishop"]
[Black "Brerrabbit"]
[Result "1-0"]
[WhiteCountry "POL"]
[BlackCountry "SCO"]
[WhiteElo "2246"]
[WhiteRD "70"]
[BlackElo "1282"]
[BlackRD "68"]
[GameID "132911"]

1. e4 e5 2. Nf3 Nf6 3. Nxe5 d6 4. Nf3 Bg4 5. Nc3 c6 6. d4 c5 7. dxc5 Nc6 8. Bg5 Be7 9. cxd6 Bxd6 10. Be2 Qd7
11. O-O O-O-O 12. Nd5 Rde8 13. Bxf6 Qe6 14. Ng5 Qd7 15. Bxg7 Rhg8 16. Nf6 Rxg7 17. Nxd7 Kxd7 18. Bxg4+ Kc7 19. Nxf7 Rxf7 20. Bh5 Ne5
21. Bxf7 Nxf7 22. Qh5
1-0

[Event "Petrov for all"]
[Site "SchemingMind.com"]
[Date "2007.12.11"]
[Round "-"]
[White "dcon"]
[Black "Brerrabbit"]
[Result "1-0"]
[WhiteCountry "RSA"]
[BlackCountry "SCO"]
[WhiteElo "2097"]
[WhiteRD "85"]
[BlackElo "1372"]
[BlackRD "74"]
[GameID "132912"]

1. e4 e5 2. Nf3 Nf6 3. c4 Nxe4 4. d3 Nf6 5. Nxe5 d6 6. Nf3 Nc6 7. Nc3 Bg4 8. Be2 d5 9. cxd5 Nxd5 10. h3 Bxf3
11. Bxf3 Bb4 12. Qb3 Nf4 13. Bxf4 Nd4 14. Qd1 Qf6 15. Bg3 Qe6+ 16. Be2 O-O-O 17. O-O Bxc3 18. Bg4 Qxg4 19. Qxg4+ Ne6 20. bxc3 Rxd3
21. Rab1 Rxc3 22. Qb4 Rc6 23. Qxb7+ Kd7 24. Rfd1+ Rd6 25. Bxd6
1-0

[Event "Petrov for all"]
[Site "SchemingMind.com"]
[Date "2007.12.11"]
[Round "-"]
[White "fouche"]
[Black "Brerrabbit"]
[Result "1-0"]
[WhiteCountry "COL"]
[BlackCountry "SCO"]
[WhiteElo "1612"]
[WhiteRD "59"]
[BlackElo "1372"]
[BlackRD "74"]
[GameID "132932"]

1. e4 e5 2. Nf3 Nf6 3. Nxe5 d6 4. Nf3 Bg4 5. Nc3 Nc6 6. Bb5 Be7 7. O-O O-O 8. d4 d5 9. e5 Ne4 10. Be3 a6
11. Ba4 Bg5 12. h3 Bxf3 13. Qxf3 Na5 14. Nxe4 dxe4 15. Qxe4 Nc4 16. Bb3 Nxe3 17. fxe3 c6 18. Rf3 Qd7 19. Raf1 Rae8 20. Rxf7 Rxf7
21. Rxf7 Re7 22. Rxe7+
1-0

[Event "Petrov for all"]
[Site "SchemingMind.com"]
[Date "2007.12.12"]
[Round "-"]
[White "fouche"]
[Black "mikhailtal"]
[Result "0-1"]
[WhiteCountry "COL"]
[BlackCountry "ENG"]
[WhiteElo "1668"]
[WhiteRD "63"]
[BlackElo "1869"]
[BlackRD "77"]
[GameID "132933"]

1. e4 e5 2. Nf3 Nf6 3. Nxe5 d6 4. Nf3 Nxe4 5. d4 d5 6. c4 dxc4 7. Bxc4 Bb4+ 8. Bd2 Bxd2+ 9. Nbxd2 Nxd2 10. Qxd2 O-O
11. O-O Nd7 12. Rfe1 Nb6 13. Bb3 Qd6 14. Rad1 Bg4 15. Re3 Rad8 16. h3 Bxf3 17. Rxf3 Nd5 18. Bxd5 Qxd5 19. Qf4 c6 20. a3 Rd7
21. Rg3 Rfd8 22. Qg4 g6 23. h4 h5 24. Qf4 Qd6 25. Qh6 Qf6 26. Qxh5 Rxd4 27. Rxd4 Rxd4 28. Rg4 Rd2 29. Qc5 Qe6 30. Rg3 Rd1+
31. Kh2 b6 32. Qc3 Qe1 33. Qxe1 Rxe1 34. Re3 Rb1 35. Re2= c5 36. Kg3 Kg7 37. Kf3 Kf6 38. Rd2 Ke6 39. Ke3 b5 40. g4 Rh1
41. h5 gxh5 42. gxh5 Rxh5 43. Rd8 Rh3+ 44. f3 Rh2 45. Rd2 Rxd2
0-1

[Event "Petrov for all"]
[Site "SchemingMind.com"]
[Date "2007.12.12"]
[Round "-"]
[White "fouche"]
[Black "mrique"]
[Result "1-0"]
[WhiteCountry "COL"]
[BlackCountry "USA"]
[WhiteElo "1676"]
[WhiteRD "67"]
[BlackElo "1460"]
[BlackRD "69"]
[GameID "132934"]

1. e4 e5 2. Nf3 Nf6 3. Nxe5 d6 4. Nf3 Nc6 5. d4 Nxe4 6. Bd3 d5 7. O-O Be7 8. h3 f5 9. c4 Be6 10. Nc3 O-O
11. cxd5 Bxd5 12. Nxe4 fxe4 13. Ne5 exd3 14. Qxd3 Nxe5 15. dxe5 Kh8 16. Be3 c6 17. Qe2 Qe8 18. f4 Be4 19. Kh2 Qg6 20. g4 Bd3
21. f5 Qe8 22. Qxd3 b6 23. Rad1 Rd8 24. Qe4 Bd6 25. Bf4 Bc5 26. e6 Rc8 27. Be5 Be7 28. Rd7
1-0

[Event "Petrov for all"]
[Site "SchemingMind.com"]
[Date "2007.12.11"]
[Round "-"]
[White "fouche"]
[Black "badbishop"]
[Result "0-1"]
[WhiteCountry "COL"]
[BlackCountry "POL"]
[WhiteElo "1668"]
[WhiteRD "63"]
[BlackElo "2246"]
[BlackRD "70"]
[GameID "132935"]

1. e4 e5 2. Nf3 Nf6 3. Nxe5 d6 4. Nf3 Nxe4 5. d4 d5 6. c4 Bb4+ 7. Bd2 Nxd2 8. Nbxd2 O-O 9. a3 Bxd2+ 10. Qxd2 Re8+
11. Be2 dxc4 12. O-O-O b5 13. h4 Nd7 14. g4 Nf6 15. g5 Ne4 16. Qf4 c3 17. bxc3 Nxc3
0-1

[Event "Petrov for all"]
[Site "SchemingMind.com"]
[Date "2007.12.11"]
[Round "-"]
[White "fouche"]
[Black "dcon"]
[Result "0-1"]
[WhiteCountry "COL"]
[BlackCountry "RSA"]
[WhiteElo "1612"]
[WhiteRD "59"]
[BlackElo "2097"]
[BlackRD "85"]
[GameID "132936"]

1. e4 e5 2. Nf3 Nf6 3. Nxe5 Nxe4 4. Qe2 Qe7 5. Qxe4 d6 6. Qa4+ Bd7 7. Qb3 Qxe5+ 8. Be2 Bc6 9. f3 Be7 10. Nc3 O-O
11. O-O Nd7 12. d3 Nc5 13. Qc4 Rae8 14. d4 d5 15. dxe5 dxc4 16. Bxc4 Na4 17. Nd5 Bc5+ 18. Be3 Bxd5 19. Bxc5 Bxc4 20. Bxf8 Bxf1
21. Kxf1 Kxf8 22. f4 Rd8 23. Ke2 Rd4 24. Ke3 c5 25. Rb1 Nb6 26. g3 Nc4+ 27. Kf2 Rd2+ 28. Kf3 Rxh2 29. Kg4 h5+ 30. Kf5 g6+
31. Kf6 Re2 32. b3 Nd2 33. Rd1 Ne4#
0-1

[Event "Petrov for all"]
[Site "SchemingMind.com"]
[Date "2007.12.11"]
[Round "-"]
[White "Brerrabbit"]
[Black "fouche"]
[Result "1-0"]
[WhiteCountry "SCO"]
[BlackCountry "COL"]
[WhiteElo "1372"]
[WhiteRD "74"]
[BlackElo "1612"]
[BlackRD "59"]
[GameID "132937"]

1. e4 e5 2. Nf3 Nf6 3. Nxe5 d6 4. Nf3 Nxe4 5. Qe2 Qe7 6. Nc3 Nxc3 7. dxc3 Be6 8. Bg5 f6 9. Be3 Nd7 10. Qb5 b6
11. O-O-O O-O-O 12. g3 Kb7 13. Nd4 Nb8 14. Bg2+ d5 15. c4 Qb4 16. Nxe6 Qxb5 17. cxb5 Rd6 18. Nxf8 Rxf8 19. Bxd5+ Kc8 20. Rd4 Rfd8
21. Rhd1 a6 22. Bf4 R6d7 23. Be6
1-0

[Event "Petrov for all"]
[Site "SchemingMind.com"]
[Date "2007.12.12"]
[Round "-"]
[White "mikhailtal"]
[Black "fouche"]
[Result "1-0"]
[WhiteCountry "ENG"]
[BlackCountry "COL"]
[WhiteElo "1869"]
[WhiteRD "77"]
[BlackElo "1668"]
[BlackRD "63"]
[GameID "132938"]

1. e4 e5 2. Nf3 Nf6 3. d4 Nxe4 4. Bd3 d5 5. Nxe5 Be6 6. O-O Be7 7. c4 c6 8. c5 Nd7 9. f4 f6 10. Qh5+ g6
11. Nxg6 hxg6 12. Qxh8+ Bf8 13. Qh7 Bf7 14. Nd2 f5 15. Re1 Qe7 16. Nf3 O-O-O 17. Ne5 Nxe5 18. fxe5 Qe6 19. b4 Be7 20. Be3 g5
21. Qh3 Qg6 22. g3 Kb8 23. b5 f4 24. Bc1 Be6 25. Qg2 Rh8 26. bxc6 Bh3 27. Qe2 Bf5 28. Qb2 Qxc6 29. gxf4 gxf4 30. Bxf4 Qg6+
31. Qg2 Qh7 32. Kh1 Rg8 33. Qf3 Bg5 34. Bxg5 Rxg5 35. Bxe4 Bxe4 36. Rxe4 Qxe4 37. Qxe4 dxe4 38. Rg1 Rf5 39. Rg4 e3 40. Re4 Rf1+
41. Kg2 Rf2+ 42. Kg3 Rxa2 43. Rxe3
1-0

[Event "Petrov for all"]
[Site "SchemingMind.com"]
[Date "2007.12.12"]
[Round "-"]
[White "mrique"]
[Black "fouche"]
[Result "0-1"]
[WhiteCountry "USA"]
[BlackCountry "COL"]
[WhiteElo "1460"]
[WhiteRD "69"]
[BlackElo "1676"]
[BlackRD "67"]
[GameID "132939"]

1. e4 e5 2. Nf3 Nf6 3. d4 Nxe4 4. Bd3 d5 5. dxe5 Nc6 6. O-O Bc5 7. Bxe4 dxe4 8. Ng5 Qxd1 9. Rxd1 O-O 10. Nxe4 Bd4
11. c3 Bxe5 12. Be3 Be6 13. Nbd2 Rfd8 14. Nc5 b6 15. Nxe6 fxe6 16. Bg5 Bf6 17. Bxf6 gxf6 18. Kf1 Rd3 19. Ke2 Rad8 20. Ne4 Rxd1
21. Rxd1 Kf7 22. Rxd8 Nxd8 23. f3 Nc6 24. a3 Ne5 25. f4 Nc4 26. b3 Nxa3 27. c4 Nc2
0-1

[Event "Petrov for all"]
[Site "SchemingMind.com"]
[Date "2007.12.11"]
[Round "-"]
[White "badbishop"]
[Black "fouche"]
[Result "1-0"]
[WhiteCountry "POL"]
[BlackCountry "COL"]
[WhiteElo "2246"]
[WhiteRD "70"]
[BlackElo "1668"]
[BlackRD "63"]
[GameID "132940"]

1. e4 e5 2. Nf3 Nf6 3. Nxe5 d6 4. Nf3 Nxe4 5. d4 d5 6. Bd3 Be7 7. O-O O-O 8. c4 c6 9. Nc3 Nf6 10. Re1 Bg4
11. c5 Nbd7 12. h3 Bh5 13. Bf4 Re8 14. b4 b6 15. b5 Qc8 16. bxc6 Qxc6 17. Bb5 Qc8 18. c6 Nf8 19. c7 N8d7 20. Bc6 Kf8
21. Bxa8 Qxa8 22. Qd3 Bg6 23. Qb5 Rc8 24. Ne5 Rxc7 25. Nxg6+ hxg6 26. Bxc7
1-0

[Event "Petrov for all"]
[Site "SchemingMind.com"]
[Date "2007.12.11"]
[Round "-"]
[White "dcon"]
[Black "fouche"]
[Result "1-0"]
[WhiteCountry "RSA"]
[BlackCountry "COL"]
[WhiteElo "2097"]
[WhiteRD "85"]
[BlackElo "1612"]
[BlackRD "59"]
[GameID "132941"]

1. e4 e5 2. Nf3 Nf6 3. c4 Bc5 4. Nxe5 d6 5. Nf3 Bg4 6. d3 O-O 7. Be2 Nbd7 8. O-O Re8 9. Nc3 a6 10. Bg5 c6
11. d4 Ba7 12. e5 dxe5 13. dxe5 Nxe5 14. Nxe5 Qxd1 15. Bxd1 Bxd1 16. Nxc6 bxc6 17. Raxd1 Ne4 18. Nxe4 Rxe4 19. Rd7 Bd4 20. b3 Rae8
21. Be3 c5 22. Bxd4 Rxd4 23. Rxd4 cxd4 24. Rd1 Rd8 25. Kf1 f5 26. Ke2 Kf7 27. Kd3 a5 28. Re1 a4 29. b4 Kf6 30. f4 g5
31. g3 h5 32. Re5 h4 33. Ra5 gxf4 34. Rxa4 fxg3 35. Ra6+ Kg5 36. hxg3 hxg3 37. Ra7 Kg4 38. Rg7+ Kf3 39. c5 g2 40. c6 Kf2
41. b5 g1=Q 42. Rxg1 Kxg1 43. b6 Kg2 44. c7 Rc8 45. b7 Rxc7 46. b8=Q Rg7 47. a4 f4 48. Qxf4
1-0